000
00294nam a2200109 a 4500
005
20201002060825.0
008
181005s2016 000 spa d
020
_a
9789945599763
245
0
_a
Informática interactiva 1 : libro del maestro.
260
_a
Santo Domingo,
_c
2016.
999
_c
47434
_d
47434
040
_a
DO-SdBNP